000 00368nam a2200145Ia 4500
008 210210b2000 xxu||||| |||| 00| 0 eng d
082 _a305.4K ROHS
100 _aROHINI (Bi Em).
245 _aStri shikshana samskrati.
260 _aMangaluru
_bHemanshu Prakashana
_c2000
300 _a153
650 _aWomen studies
690 _aWomen Studies
906 _a055599
999 _c102795
_d102795